| 000 | 00804nam a2200289Ia 4500 | ||
|---|---|---|---|
| 001 | Z_5156 | ||
| 003 | CHAP | ||
| 008 | 220113s1996 xx 000 0 und d | ||
| 010 | _a168216 | ||
| 040 | _cCHAP | ||
| 090 | _aFolleto 695 | ||
| 100 |
_aRamírez Valencia, Francisco Javier _994311 |
||
| 245 |
_aEstablecimiento y utilización del pasto ballico anual en el centro y altos de jalisco / _cpor Francisco Javier Ramírez Valencia |
||
| 260 |
_aTlajomulco de Zuñiga, Jal : _bINIFAP. Campo Experimental Centro de Jalisco, _c1996 |
||
| 300 | _a14 p. | ||
| 440 | _a | ||
| 500 | _a | ||
| 503 | _a | ||
| 650 |
_aPastos _x _x Jalisco _9142488 |
||
| 650 |
_aZacate buffel _9123395 |
||
| 901 | _aFolleto 695 | ||
| 902 | _aA | ||
| 910 | _a1996 | ||
| 942 | _cc14 | ||
| 942 | _cc14 | ||
| 999 |
_c168216 _d168216 |
||